000 00429pab a2200169 454500
008 180718b2006 xxu||||| |||| 00| 0 eng d
100 _aPrasad, Eswar S.
245 _aModernizing China's growth paradigm
260 _c2006
300 _ap.331-36.
362 _aMay
650 _aEconomic growth - China
650 _aEconomic growth
700 _aRajan, Raghuram G.
773 _aAmerican Economic Review
909 _a69993
999 _c69993
_d69993